Junior Eurovision Song Contest : Madrid 2024 🇪🇦 - Statistics

General Stats
  • This quiz has been taken 72 times
  • The average score is 13 of 17
Answer Stats
Place Country Artist Song % Correct
1 Georgia Andria Putkaradze To My Mom
97%
3 Ukraine Artem Kotenko HEAR ME NOW
88%
10 Netherlands Stay Tuned Music
87%
6 Spain Chloe DelaRosa Como la Lola
85%
2 Portugal Victoria Nicole Esperança
85%
17 San Marino Idols SM Come Noi
82%
16 North Macedonia Ana & Aleksej Marathon
82%
4 France Titouan Comme ci comme ça
78%
11 Germany Bjarne Save The Best For Us
77%
8 Armenia Leo Cosmic Friend
75%
13 Cyprus Maria Pissarides Crystal Waters
73%
9 Italy Simone Grande Pigiama Party
73%
12 Poland Dominik Arim All Together
70%
14 Estonia ANNABELLE Tänavad
70%
7 Albania Nikol Çabeli Vallëzoj
67%
15 Ireland Enya Cox Dempsey Le Chéile
58%
5 Malta Ramires Sciberras Stilla ÄŠkejkna
48%
No matching quizzes found
Score Distribution
Percent of People with Each Score
Percentile by Number Answered
Your Score History
You have not taken this quiz